Právna úprava medzinárodných investícií diplomová práca

Salvato in:
Dettagli Bibliografici
Autore principale: Tomeková, Kristína
Ente Autore: Ekonomická univerzita v Bratislave. Fakulta medzinárodných vzťahov
Altri autori: Budjač, Milan
Natura: Libro
Lingua:slovacco
Pubblicazione: Bratislava 2010
Tags: Aggiungi Tag
Nessun Tag, puoi essere il primo ad aggiungerne!!

MARC

LEADER 00000nam a2200000 4500
001 0121870
005 20240318123159.2
041 0 |a slo 
044 |a SK 
245 1 0 |a Právna úprava medzinárodných investícií  |b diplomová práca  |c Kristína Tomeková ; škol. Milan Budjač 
264 1 |a Bratislava  |c 2010 
300 |a 60 s. 
100 1 |a Tomeková, Kristína 
700 1 |a Budjač, Milan 
710 2 |a Ekonomická univerzita v Bratislave. Fakulta medzinárodných vzťahov